|
|
|
|
| LEADER |
01395nam a2200301 4500 |
| 001 |
36919 |
| 003 |
BD-DhAAL |
| 005 |
20211111131628.0 |
| 008 |
200114t2017 bg ad||| |||| 00| 0 ben d |
| 999 |
|
|
|c 41721
|d 41721
|
| 020 |
|
|
|a 9789849216445
|
| 040 |
|
|
|a BD-DhAAL
|
| 041 |
|
|
|a ben
|
| 082 |
|
|
|a 005.133
|2 23
|
| 100 |
|
|
|a রহমান, আ ন ম বজলুর
|9 38944
|
| 245 |
|
|
|a জাভা প্রোগ্রামিং /
|c আ ন ম বজলুর রহমান
|
| 246 |
|
|
|a Java programming
|
| 260 |
|
|
|a ঢাকা :
|b দ্বিমিক প্রকাশনী,
|c ২০১৭
|
| 300 |
|
|
|a ৪৬৪ পৃষ্ঠা ;
|c ২৪ সে.মি.
|
| 526 |
|
|
|a CSE
|
| 541 |
|
|
|a Book Finder International
|e 36919, 36920
|
| 650 |
|
|
|a Java (Computer program language).
|9 38945
|
| 650 |
|
|
|a Computer programming.
|9 38946
|
| 650 |
|
|
|a Computer science
|9 42577
|
| 852 |
|
|
|a Ayesha Abed Library
|b General Stacks
|
| 942 |
|
|
|2 ddc
|c BK
|
| 952 |
|
|
|0 0
|1 0
|2 ddc
|4 0
|6 005_133000000000000_RAH
|7 0
|9 67651
|a BRACUL
|b BRACUL
|c GEN
|d 2020-01-02
|e Book Finder International
|g 450.00
|l 17
|m 131
|o 005.133 RAH
|p 3010036919
|q 2026-05-07
|r 2026-04-23
|s 2026-04-23
|t 1
|v 450.00
|w 2020-01-02
|y BK
|
| 952 |
|
|
|0 0
|1 0
|2 ddc
|4 0
|6 005_133000000000000_RAH
|7 0
|9 67652
|a BRACUL
|b BRACUL
|c GEN
|d 2020-01-02
|e Book Finder International
|g 450.00
|l 11
|m 134
|o 005.133 RAH
|p 3010036920
|r 2026-02-02
|s 2025-07-13
|t 2
|v 450.00
|w 2020-01-02
|y BK
|